<?xml version="1.0" encoding="UTF-8"?><?xml-stylesheet type="text/xsl" href="static/style.xsl"?><OAI-PMH xmlns="http://www.openarchives.org/OAI/2.0/" xmlns:xsi="http://www.w3.org/2001/XMLSchema-instance" xsi:schemaLocation="http://www.openarchives.org/OAI/2.0/ http://www.openarchives.org/OAI/2.0/OAI-PMH.xsd"><responseDate>2026-06-07T07:27:17Z</responseDate><request verb="GetRecord" identifier="oai:riuma.uma.es:10630/6614" metadataPrefix="marc">https://riuma.uma.es/rest/oai/request</request><GetRecord><record><header><identifier>oai:riuma.uma.es:10630/6614</identifier><datestamp>2026-02-03T12:52:40Z</datestamp><setSpec>com_10630_5701</setSpec><setSpec>com_10630_3139</setSpec><setSpec>com_10630_10</setSpec><setSpec>col_10630_6603</setSpec></header><metadata><record xmlns="http://www.loc.gov/MARC21/slim" xmlns:dcterms="http://purl.org/dc/terms/" xmlns:doc="http://www.lyncode.com/xoai" xmlns:xsi="http://www.w3.org/2001/XMLSchema-instance" xsi:schemaLocation="http://www.loc.gov/MARC21/slim http://www.loc.gov/standards/marcxml/schema/MARC21slim.xsd">
   <leader>00925njm 22002777a 4500</leader>
   <datafield ind2=" " ind1=" " tag="042">
      <subfield code="a">dc</subfield>
   </datafield>
   <datafield ind2=" " ind1=" " tag="720">
      <subfield code="a">Rodríguez-Oliva, Pedro</subfield>
      <subfield code="e">author</subfield>
   </datafield>
   <datafield ind2=" " ind1=" " tag="260">
      <subfield code="c">2007</subfield>
   </datafield>
   <datafield ind2=" " ind1=" " tag="520">
      <subfield code="a">Willoughby Verner, un coronel británico retirado en su casa de “El Águila” en Algeciras,&#xd;
publicó en 1911 unos artículos sobre la Cueva de la Pileta (Benaoján) que fueron el motivo&#xd;
de una intensa relación con el abate H. Breuil con quien publicaría, cuatro años después, una&#xd;
monografía sobre las importantes pinturas prehistóricas de esa caverna. Poco antes, en 1908-&#xd;
1909, E. Romero de Torres en su Catálogo monumental de España. Provincia de Cádiz había&#xd;
estudiado los restos medievales de la ciudad donde vivía W. Verner, y con este motivo conoció&#xd;
la colección arqueológica que había formado en Algeciras D. Emilio Santacana, el comerciante&#xd;
y cónsul de Bélgica que fuera alcalde de la ciudad durante la celebración de la importante&#xd;
Conferencia internacional de Algeciras de 1906.</subfield>
   </datafield>
   <datafield ind2=" " ind1=" " tag="520">
      <subfield code="a">Willoughby Verner, a former British colonel, who has moved for his retirement to Algeciras,&#xd;
living then in a house called “El Aguila”, while studying ornithology across La Serranía de&#xd;
Ronda, visited the Pileta Cave and published in 1911 a few articles on the Palæolithic Pileta&#xd;
Cave drawings which brought in world attention among scientists. In 1908-1909 the volume&#xd;
called Catálogo Monumental de España. Provincia de Cadiz was written by Enrique Romero&#xd;
de Torres and the book mentions an archaeological collection owned by Emilio Santacana y&#xd;
Mensayas, then in 1906 Lord Mayor of Algeciras town when the international Conference of&#xd;
Algeciras was held.</subfield>
   </datafield>
   <datafield ind1="8" ind2=" " tag="024">
      <subfield code="a">RODRÍGUEZ OLIVA, PEDRO "Noticias arqueológicas sobre Algeciras (Cádiz) en los inicios del siglo XX y nuevos datos de la colección de D. Emilio Santacana"</subfield>
   </datafield>
   <datafield ind1="8" ind2=" " tag="024">
      <subfield code="a">0212-5099</subfield>
   </datafield>
   <datafield ind1="8" ind2=" " tag="024">
      <subfield code="a">http://hdl.handle.net/10630/6614</subfield>
   </datafield>
   <datafield tag="653" ind2=" " ind1=" ">
      <subfield code="a">Cádiz - Restos arqueológicos</subfield>
   </datafield>
   <datafield ind2="0" ind1="0" tag="245">
      <subfield code="a">Noticias arqueológicas sobre Algeciras (Cádiz) en los inicios del siglo XX y nuevos datos de la colección de D. Emilio Santacana</subfield>
   </datafield>
</record>
</metadata></record></GetRecord></OAI-PMH>